Countries on Major Latitudes - Northern Hemisphere - Statistics

General Stats
  • This quiz has been taken 31 times
  • The average score is 48 of 109
Answer Stats
Country % Correct
Norway (Svalbard)
100%
Russia (Franz Josef Land)
100%
Canada
92%
Denmark (Greenland)
88%
United States (Alaska)
85%
Canada
81%
Finland
81%
Norway
81%
Russia
81%
Canada
77%
Denmark (Greenland)
77%
Finland
77%
France
77%
Norway
77%
Russia
77%
Sweden
77%
United States
77%
United Kingdom
73%
Belgium
69%
Denmark (Greenland)
69%
Germany
69%
Italy
69%
Spain
69%
China
65%
Greece
65%
Luxembourg
65%
Russia
65%
Turkey
65%
Ukraine
65%
Albania
62%
Algeria
62%
Canada
62%
China
62%
Czech Republic
62%
Egypt
62%
Kazakhstan
62%
Libya
62%
Mongolia
62%
Poland
62%
United States
62%
Armenia
58%
Azerbaijan
58%
Turkmenistan
58%
Uzbekistan
58%
China
54%
Israel
54%
Japan
54%
Jordan
54%
North Korea
54%
Portugal
54%
Saudi Arabia
54%
United Kingdom
54%
India
50%
Kyrgyzstan
50%
Mexico
50%
Tajikistan
50%
Afghanistan
46%
Iran
46%
Iraq
46%
Kuwait
46%
Mali
46%
Nepal
46%
Pakistan
46%
Algeria
42%
Chad
42%
Niger
42%
Japan
38%
India
35%
Libya
35%
Morocco
35%
Saudi Arabia
35%
Sudan
35%
Oman
31%
United States
27%
Burma
23%
Laos
23%
Thailand
23%
Vietnam
23%
China
19%
Mauritania
19%
Mexico
19%
United States (Hawaii)
19%
Cuba
15%
India
15%
Nigeria
15%
Benin
12%
Ethiopia
12%
Ghana
12%
Somalia
12%
South Sudan
12%
Sudan
12%
Togo
12%
Burma
8%
Cameroon
8%
Central African Republic
8%
Chad
8%
Haiti
8%
Thailand
8%
Philippines
4%
Vietnam
4%
Burkina Faso
0%
Colombia
0%
Costa Rica
0%
Côte d'Ivoire
0%
Federated States of Micronesia
0%
Guinea
0%
Marshall Islands
0%
Sierra Leone
0%
Venezuela
0%
No matching quizzes found
Score Distribution
Percent of People with Each Score
Percentile by Number Answered
Your Score History
You have not taken this quiz